| 000 | 00882cam a2200253 a 4500 | ||
|---|---|---|---|
| 001 | 2540468 | ||
| 005 | 20180208042317.0 | ||
| 008 | 940310s1994 caua b 001 0 eng c | ||
| 010 | _a 94008061 | ||
| 020 | _a1565932196 | ||
| 035 | _a(DLC) 94008061 | ||
| 040 |
_aDNLM/DLC _cDLC _dDLC |
||
| 041 | _aeng | ||
| 060 | 1 | 0 | _aWM 4785 1994 |
| 080 | _a616.85 | ||
| 082 | 0 | 0 |
_a616.85 PAN _220 |
| 100 | 1 | _a9 | |
| 101 | _aPAT | ||
| 245 | 1 | 0 |
_aIntroduction to clinical research in communication disorders / _cMary H. Pannbacker, Grace F. Middleton ; with contributions from David L. Irwin ... [et al.]. |
| 504 | _aIncludes bibliographical references (p. 233-264) and index. | ||
| 906 |
_a7 _bcbc _corignew _d1 _eocip _f19 _gy-gencatlg |
||
| 942 |
_2ddc _cBK |
||
| 999 |
_c42099 _d42099 |
||